000 00721nam a2200217Ia 4500
003 GCL
008 140319s9999 xx 000 0 ara d
040 _aGCL /
_cGCL
082 0 4 _a953
_bج ح
100 1 _aجرونيباوم، جوستاف فون
245 1 0 _aحضارة الاسلام /
_cجرونيباوم، جوستاف فون
700 1 _aعبدالعزيز توفيق جاويد
260 _a[S.N] :
_bالهيئة المصرية العامة للكتاب ،
_c1994
300 _a515 ص
490 _a
650 0 4 _aالاسلام
650 0 4 _aالاستشراق والمستشرقون
650 0 4 _aالتاريخ الاسلامى
650 0 4 _aالحضارة الاسلامية
942 _2ddc
_cBK
999 _c35024
_d35024